000 00411nam a2200181Ia 4500
001 3637
005 20260306145658.0
008 260306t2010||||xx |||||||||||||| ||spa||
041 _aESP
082 _a301
_bB94
100 _aBurgos, Juan Manuel
_eAUT
245 0 _aAntropologĂ­a breve
260 _c2010
300 _a158 páginas :
_c21 cm.
650 _aGEN
654 _aCHU
942 _cLIB
_dJUS
_fJUS
_2ddc
_n
999 _c3637
_d3637